|
|
|
|
| LEADER |
00000naa2a2200000 4500 |
| 001 |
215930 |
| 005 |
20240614104414.0 |
| 035 |
|
|
|a (RuTPU)RU\TPU\book\235891
|
| 035 |
|
|
|a RU\TPU\book\50469
|
| 090 |
|
|
|a 215930
|
| 100 |
|
|
|a 20120518d2001 k y0rusy50 ca
|
| 101 |
0 |
|
|a rus
|
| 102 |
|
|
|a RU
|
| 200 |
1 |
|
|a Радиоактивные элементы как индикаторы при решении геолого-генетических вопросов магмо-рудообразования (на примере Горного Алтая)
|f Л. П. Рихванов [и др.]
|
| 320 |
|
|
|a Библиогр.: 10 назв.
|
| 463 |
|
1 |
|0 30576
|t Региональная геология. Геология месторождений полезных ископаемых
|d 2001
|p 393 с.
|9 30576
|a Коробейников, А. Ф. (российский геолог, доктор геолого-минералогических наук ; 1934-)
|c Томск
|n Изд-во ТПУ
|o Материалы Международной научно-технической конференции "Горно-геологическое образование в Сибири. 100 лет на службе науки и производства" (Томск, 2001 г.)
|v С. 319-322
|
| 610 |
1 |
|
|a труды учёных ТПУ
|
| 701 |
|
1 |
|a Рихванов
|b Л. П.
|c российский ученый, геолог
|c профессор Томского политехнического университета, доктор геолого-минералогических наук
|c заслуженный геолог РФ
|c почетный работник высшего образования РФ
|f 1945-
|g Леонид Петрович
|3 (RuTPU)RU\TPU\pers\23187
|
| 701 |
|
1 |
|a Поцелуев
|b А. А.
|c геолог
|c профессор Томского политехнического университета, доктор геолого-минералогических наук
|f 1952-
|g Анатолий Алексеевич
|3 (RuTPU)RU\TPU\pers\26071
|
| 701 |
|
1 |
|a Котегов
|b В. И.
|
| 701 |
|
1 |
|a Никифоров
|b А. Ю.
|
| 701 |
|
1 |
|a Ипполитова
|b И. Ф.
|
| 801 |
|
1 |
|a RU
|b 63413507
|c 20020617
|g PSBO
|
| 801 |
|
2 |
|a RU
|b 63413507
|c 20150902
|g PSBO
|
| 942 |
|
|
|c BK
|